Представление документа в формате RUSMARC

ПолеНазваниеЗначение
  Тип записи a
  Библиографический уровень a
001 Контрольный номер RU/CBS_UL/BASE/e46840225005482ab944b654b0f950f3
005 Дата корректировки 20260422150904.9
100 Данные общей обработки __
a Данные общей обработки 20260422 ||| 0rusy0189 ca
101 Язык документа 0_
a Язык текста rus
102 Страна публикации __
a Страна публикации RU
200 Заглавие и сведения об ответственности 1_
a Заглавие "Пишу и за себя, и "за того парня"
e Сведения, относящиеся к заглавию [беседа с певцом Д. Майдановым о том, как писать песни, в которых наш народ узнаёт себя]
f Первые сведения об ответственности О. Шаблинская
300 Общие примечания __
a Общие примечания 16+
461 Уровень набора _0
1 2000
a Аргументы и факты
463 Уровень физической единицы _0
1 2000
a № 16 (22-28 апр.)
v С. 20 : фот.
1 2101
d 2026
1 001RU/CBS_UL/BASE/d470878112bc454998facffad090482a
600 Персоналии _1
a Персоналии (Фамилия) Майданов
b Персоналии (Имя, инициалы) Д.В.
606 Тематические рубрики 0_
a Основная рубрика Майданов, Денис Васильевич (1976)
610 Ключевые слова 0_
a Ключевые слова певцы, российские певцы, авторы-исполнители песен, композиторы, поэты, актёры, музыкальные продюсеры, политические деятели, общественные деятели, Народные артисты Российской Федерации
686 Индексы других классификаций __
2 Код системы rubbk
a Классификационный индекс 85.364.1
700 Автор _1
a Фамилия Шаблинская
b Имя (инициалы) О.
801 Источник записи _0
a Страна RU
b Организация МБУК ЦБС г. Ульяновска
c Дата составления 20260422
g Правила каталогизации RCR
801 Источник записи _1
a Страна RU
b Организация МБУК ЦБС г. Ульяновска
c Дата составления 20260422
g Правила каталогизации RCR
901 Тип документа __
t Тип документа f
w Контрольный № источника RU/CBS_UL/BASE/d470878112bc454998facffad090482a
909 Создатель записи __
a Создатель записи lib1